Волною морскою | Благообразный Иосиф (Запись № 13651964)
[ простой вид ]
| 000 -МАРКЕР | |
|---|---|
| контрольное поле | 02233njm0a2200481 4500 |
| 001 - ИДЕНТИФИКАТОР ЗАПИСИ | |
| контрольное поле | RU\NLR\ONIZ\309001 |
| 005 - ИДЕНТИФИКАТОР ВЕРСИИ | |
| контрольное поле | 20260409004040.0 |
| 035 ## - ДРУГИЕ СИСТЕМНЫЕ НОМЕРА | |
| Идентификатор записи | (NLR Aleph) 022774358 |
| 071 00 - ИЗДАТЕЛЬСКИЙ НОМЕР | |
| Номер, присвоенный агентством | X-64863 |
| 071 00 - ИЗДАТЕЛЬСКИЙ НОМЕР | |
| Номер, присвоенный агентством | X-64864 |
| 071 10 - ИЗДАТЕЛЬСКИЙ НОМЕР | |
| Номер, присвоенный агентством | 6486l |
| 071 10 - ИЗДАТЕЛЬСКИЙ НОМЕР | |
| Номер, присвоенный агентством | 6488l |
| 100 ## - ДАННЫЕ ОБЩЕЙ ОБРАБОТКИ | |
| Данные общей обработки | 20180917d1908 u y0rusy50 ca |
| 102 ## - СТРАНА ПУБЛИКАЦИИ ИЛИ ПРОИЗВОДСТВА | |
| Страна публикации | российская федерация |
| 126 ## - ПОЛЕ КОДИРОВАННЫХ ДАННЫХ: ЗВУКОЗАПИСИ - ФИЗИЧЕСКИЕ ХАРАКТЕРИСТИКИ | |
| Кодированные данные звукозаписи (общие) | adaxdxu ux |
| Кодированные данные звукозаписи (уточнения) | xxx |
| 127 ## - ПОЛЕ КОДИРОВАННЫХ ДАННЫХ: ПРОДОЛЖИТЕЛЬНОСТЬ ЗВУКОЗАПИСЕЙ И НОТНЫХ ИЗДАНИЙ (МУЗЫКАЛЬНОЕ ИСПОЛНЕНИЕ) | |
| Продолжительность | 000600 |
| 145 0# - ПОЛЕ КОДИРОВАННЫХ ДАННЫХ: СРЕДСТВО ИСПОЛНЕНИЯ МУЗЫКАЛЬНОГО ПРОИЗВЕДЕНИЯ (УСТАРЕВШЕЕ) | |
| Тип средства исполнения | a |
| 200 1# - ЗАГЛАВИЕ И СВЕДЕНИЯ ОБ ОТВЕТСТВЕННОСТИ | |
| Основное заглавие | Волною морскою |
| Общее обозначение материала | Звукозапись |
| Сведения, относящиеся к заглавию | московск. распева |
| Основное заглавие | Благообразный Иосиф |
| Сведения, относящиеся к заглавию | московск. распева |
| Первые сведения об ответственности | исполняет: Моск. Чудовск. хор под упр. регента Я. В. Никольскаго |
| 203 ## - ВИД СОДЕРЖАНИЯ И ТИП СРЕДСТВА | |
| Вид содержания | музыка |
| Дополнительные сведения об издании | исполнительская |
| Тип средства | аудио |
| 210 ## - ПУБЛИКАЦИЯ, РАСПРОСТРАНЕНИЕ И ДР. | |
| Место издания, распространения и т.д. | S. l. |
| Имя издателя, распространителя и т. д. | Zonophone record |
| Дата издания, распространения и т.д. | [1908] |
| Имя изготовителя | О-во Граммофонъ съ огр. отв. |
| Место изготовления | Рига |
| 215 ## - ФИЗИЧЕСКАЯ ХАРАКТЕРИСТИКА | |
| Специфическое обозначение материала и объем | 1 грп. (ок. 6 мин) : 78 об/мин, моно |
| Размеры | 25 см, в конв. |
| 300 ## - ОБЩИЕ ПРИМЕЧАНИЯ | |
| Текст примечания | Записано в феврале 1908 г., Москва |
| 300 ## - ОБЩИЕ ПРИМЕЧАНИЯ | |
| Текст примечания | Инж. звукозап. Ф. Хампе |
| 300 ## - ОБЩИЕ ПРИМЕЧАНИЯ | |
| Текст примечания | Дата записи установл. по кат. А. Келли |
| 606 1# - НАИМЕНОВАНИЕ ТЕМЫ КАК ПРЕДМЕТ | |
| Наименование темы | Церковная музыка русская |
| Формальный подзаголовок | Звукозапись |
| Код системы | nlr_sh |
| 606 1# - НАИМЕНОВАНИЕ ТЕМЫ КАК ПРЕДМЕТ | |
| Наименование темы | Хоровая музыка церковная |
| Тематический подзаголовок | Звукозапись |
| Хронологический подзаголовок | 16-18 вв. |
| Географический подзаголовок | Россия |
| Формальный подзаголовок | Звукозапись |
| Код системы | nlr_sh |
| 686 ## - ИНДЕКСЫ ДРУГИХ КЛАССИФИКАЦИЙ | |
| Индекс | Щ99(28)я43 |
| 702 #1 - ИМЯ ЛИЦА - ВТОРИЧНАЯ ОТВЕТСТВЕННОСТЬ | |
| Связь между полями | z01790 |
| Начальный элемент ввода | Никольский |
| Часть имени, кроме начального элемента ввода | Я. В. |
| Дополнения к именам, кроме дат | регент |
| Код отношения | Дирижер, Руководитель оркестра |
| Графика поля | Кириллица |
| 702 #1 - ИМЯ ЛИЦА - ВТОРИЧНАЯ ОТВЕТСТВЕННОСТЬ | |
| Связь между полями | z02790 |
| Начальный элемент ввода | Хампе |
| Часть имени, кроме начального элемента ввода | Г. Ф. |
| Дополнения к именам, кроме дат | инженер записи |
| Даты | 1879-1947 |
| Расширение инициалов личного имени | Георг Франц |
| Код отношения | Инженер записи |
| Графика поля | Кириллица |
| 702 #1 - ИМЯ ЛИЦА - ВТОРИЧНАЯ ОТВЕТСТВЕННОСТЬ | |
| Связь между полями | z03790 |
| Начальный элемент ввода | Келли |
| Часть имени, кроме начального элемента ввода | А. |
| Даты | 1928-2015 |
| Расширение инициалов личного имени | Алан |
| Код отношения | Оценщик, Эксперт |
| Графика поля | Кириллица |
| 710 02 - НАИМЕНОВАНИЕ ОРГАНИЗАЦИИ - ПЕРВИЧНАЯ ОТВЕТСТВЕННОСТЬ | |
| Начальный элемент ввода | Московский Чудовский хор |
| Код отношения | Исполнитель |
| Графика поля | Кириллица |
| 790 #1 - ИМЯ ЛИЦА - АЛЬТЕРНАТИВНАЯ ФОРМА | |
| Связь между полями | z01702 |
| Начальный элемент ввода | Nikol`skij |
| Часть имени, кроме начального элемента ввода | Ja. V. |
| Код отношения | Дирижер, Руководитель оркестра |
| Графика поля | Латинская |
| 790 #1 - ИМЯ ЛИЦА - АЛЬТЕРНАТИВНАЯ ФОРМА | |
| Связь между полями | z02702 |
| Начальный элемент ввода | Hampe |
| Часть имени, кроме начального элемента ввода | G. F. |
| Дополнения к именам, кроме дат | recording engineer |
| Даты | 1879-1947 |
| Расширение инициалов личного имени | Georg Franz |
| Код отношения | Инженер записи |
| Графика поля | Латинская |
| 790 #1 - ИМЯ ЛИЦА - АЛЬТЕРНАТИВНАЯ ФОРМА | |
| Связь между полями | z03702 |
| Начальный элемент ввода | Kelly |
| Часть имени, кроме начального элемента ввода | A. |
| Даты | 1928-2015 |
| Расширение инициалов личного имени | Alan |
| Код отношения | Оценщик, Эксперт |
| Графика поля | Кириллица |
| 801 #0 - ИСТОЧНИК ЗАПИСИ | |
| Страна | российская федерация |
| Организация | NLR |
| Дата составления | 20180917 |
| Правила каталогизации | PSBO |
| 801 #1 - ИСТОЧНИК ЗАПИСИ | |
| Страна | российская федерация |
| Организация | NLR |
| Дата составления | 20180917 |
| Источник данных | rusmarc |
| 801 #2 - ИСТОЧНИК ЗАПИСИ | |
| Страна | российская федерация |
| Организация | NLR |
| Дата составления | 20260401 |
| 852 ## - МЕСТОНАХОЖДЕНИЕ И ШИФР ХРАНЕНИЯ | |
| Идентификатор организации | NLR |
| Шифр хранения (Call Number) | Мг 2к/694 |
| Идентификатор единицы | 44845 |
| Номер экземпляра | 1 |
| 942 ## - ДОПОЛНИТЕЛЬНЫЕ ЭЛЕМЕНТЫ ЗАПИСИ (АБИС) | |
| Тип экземпляра АБИС | Звукозапись |
| 980 ## - КОЛЛЕКЦИЯ | |
| Название коллекции | Отдел нот и звукозаписей |
| 980 ## - КОЛЛЕКЦИЯ | |
| Название коллекции | Национальная библиография |
Нет доступных экземпляров.